Farming systems and poverty : (Record no. 14989)

000 -LEADER
fixed length control field 00705cam a22002417a 4500
020 ## - INTERNATIONAL STANDARD BOOK NUMBER
ISBN 9251046271
040 ## - CATALOGING SOURCE
Transcribing agency OSU
082 00 - DEWEY DECIMAL CLASSIFICATION NUMBER
Classification number 338 FAO 2001 A068 Co.
100 1# - MAIN ENTRY--AUTHOR NAME
Personal name Dixon, John
245 10 - TITLE STATEMENT
Title Farming systems and poverty :
Remainder of title improving farmers' livelihoods in a changing world /
260 ## - PUBLICATION, DISTRIBUTION, ETC. (IMPRINT)
Place of publication Rome :
Name of publisher FAO ;
Place of publication Washington, D.C. :
Name of publisher World Bank,
Year of publication 2001.
300 ## - PHYSICAL DESCRIPTION
Number of Pages viii, 412 p. :
Other physical details ill. (some col.), col. maps ;
Dimensions 24 cm.
650 #0 - SUBJECT ADDED ENTRY--TOPICAL TERM
Topical Term Agriculture
650 #0 - SUBJECT ADDED ENTRY--TOPICAL TERM
Topical Term Farmers
650 #0 - SUBJECT ADDED ENTRY--TOPICAL TERM
Topical Term Rural development
650 #0 - SUBJECT ADDED ENTRY--TOPICAL TERM
Topical Term Food supply
650 #0 - SUBJECT ADDED ENTRY--TOPICAL TERM
Topical Term Rural poor
650 #0 - SUBJECT ADDED ENTRY--TOPICAL TERM
Topical Term Sustainable agriculture
700 1# - ADDED ENTRY--PERSONAL NAME
Personal name Gibbon, David P.
700 1# - ADDED ENTRY--PERSONAL NAME
Personal name Gulliver, Aidan.
700 1# - ADDED ENTRY--PERSONAL NAME
Personal name Hall, Malcolm.
942 ## - ADDED ENTRY ELEMENTS (KOHA)
Koha item type សៀវភៅភាសាអង់គ្លេស
952 ## - LOCATION AND ITEM INFORMATION (KOHA)
Withdrawn status [LOCAL, KOHA] 0
Holdings
Permanent Location Date acquired Koha item type Lost status Shelving location Barcode Current Location Full call number
Library Block A2017-11-01សៀវភៅភាសាអង់គ្លេស A068A21578Library Block A338 FAO 2001 A068 Co.
មជ្ឈមណ្ឌលឯការនៃសាកលវិទ្យាល័យភូមិន្ទកសិកម្មចំការដូង

Powered by Koha